Statistiques concernant Pokémon Platine - Les capacités de type Feu

Cliquez ici pour prendre le quiz!

Statistiques générales

  • Ce quiz a été pris 28 fois
  • Le résultat moyen est 11 sur 18

Statistiques - réponses

GenCatégorieCapacité% Correct
ISpécialeFlammèche
92%
ISpécialeLance-Flamme
92%
IIIStatutFeu Follet
88%
IIPhysiqueRoue de Feu
83%
ISpécialeDéflagration
79%
IPhysiquePoing de Feu
71%
IVPhysiqueBoutefeu
67%
IVPhysiqueCrocs Feu
58%
ISpécialeDanseflamme
58%
IIPhysiqueFeu Sacré
58%
IIStatutZénith
58%
IIISpécialeÉruption
54%
IIIPhysiquePied Brûleur
54%
IVSpécialeÉbullilave
50%
IIISpécialeRafale Feu
46%
IIISpécialeSurchauffe
42%
IVSpécialeVortex Magma
42%
IIISpécialeCanicule
38%

Distribution des résultats

Percentile par nombre de réponses

% des personnes avec chaque résultat

Votre développement - résultats

Vous n’avez pas pris ce quiz